Case books of insurance law: cases from 1950 onwards life-fire-marine motor and accident (Record no. 65835)

MARC details
000 -LEADER
fixed length control field 00410nam a2200145Ia 4500
008 - FIXED-LENGTH DATA ELEMENTS--GENERAL INFORMATION
fixed length control field 230917s9999||||xx |||||||||||||| ||und||
040 ## - CATALOGING SOURCE
-- 80252
Original cataloging agency VIVEKANANDA LIBRARY
041 ## - Language
-- English
082 ## - DDC NUMBER
Classification number 346.086 S34P
100 ## - MAIN ENTRY--PERSONAL NAME
Personal name Srinivasan, M N
245 #0 - TITLE STATEMENT
Title Case books of insurance law: cases from 1950 onwards life-fire-marine motor and accident
260 ## - PUBLICATION, DISTRIBUTION, ETC. (IMPRINT)
Place of publication, distribution, etc Bangalore
Name of publisher, distributor, etc Ramanuja
Date of publication, distribution, etc 1989
300 ## - PHYSICAL DESCRIPTION
Pages 203 p.
942 ## - ADDED ENTRY ELEMENTS (KOHA)
Koha item type Books
Holdings
Withdrawn status Lost status Damaged status Not for loan Location (home branch) Sublocation or collection (holding branch) Date acquired Koha issues (times borrowed) Koha full call number Accession No. Koha date last seen Koha item type
        VIVEKANANDA LIBRARY VIVEKANANDA LIBRARY 11/03/2003   346.086 S34P 138237 17/09/2023 Books
        VIVEKANANDA LIBRARY VIVEKANANDA LIBRARY 11/03/2003   346.086 S34P 138238 17/09/2023 Books
© Designed and Maintained by Vivekananda Library, MDU Rohtak